Be at ease with e-signatures (Record no. 84880)

MARC details
000 -LEADER
fixed length control field 00600cab a22001935a 4500
001 - CONTROL NUMBER
control field L159584
008 - FIXED-LENGTH DATA ELEMENTS--GENERAL INFORMATION
fixed length control field 170914e2017 xxk 000 0 eng d
035 ## - SYSTEM CONTROL NUMBER
System control number (Sirsi) u159584
041 0# - LANGUAGE CODE
Language code of text/sound track or separate title eng
100 1# - MAIN ENTRY--PERSONAL NAME
Personal name Highmore, Sue
245 00 - TITLE STATEMENT
Title Be at ease with e-signatures
260 ## - PUBLICATION, DISTRIBUTION, ETC.
Date of publication, distribution, etc. 2017
490 ## - SERIES STATEMENT
Series statement Estates Gazette
Volume/sequential designation (1731) 5 August 2017, 50-51
520 ## - SUMMARY, ETC.
Summary, etc. Part one of a two part series looking the the use of electronic signatures in property documents. Looks at the rules on their use in contracts
590 ## - LOCAL NOTE (RLIN)
Local note KA
650 24 - SUBJECT ADDED ENTRY--TOPICAL TERM
Topical term or geographic name entry element E-SIGNATURES
690 ## - LOCAL SUBJECT ADDED ENTRY--TOPICAL TERM (OCLC, RLIN)
Topical term or geographic name as entry element Contracts
9 (RLIN) 6232
942 ## - ADDED ENTRY ELEMENTS (KOHA)
Suppress in OPAC 0
Source of classification or shelving scheme Dewey Decimal Classification
Holdings
Withdrawn status Lost status Source of classification or shelving scheme Damaged status Not for loan Home library Current library Shelving location Date acquired Total Checkouts Full call number Barcode Date last seen Copy number Price effective from Koha item type
    Dewey Decimal Classification     London London Journals 14/09/2017   L159584 159584-1001 06/08/2019 1 06/08/2019 Journal article